000 00264nam a22001217a 4500
008 170313b xxu||||| |||| 00| 0 eng d
041 _aeng
080 _22ND
_a591
100 _a7
101 _aSHM
245 _aVETERINARY TOXICOLOGY
_cGARNER, R.J
942 _2udc
_cBK
999 _c7702
_d7702